טוען...

Bernard Shaw /

מידע ביבליוגרפי
מחבר ראשי: Mullik, B. R.
פורמט: Printed Book
שפה:English
יצא לאור: S.Chand & Co., 1969.
סדרה:v13
LEADER 00380nam a2200133Ia 4500
008 150624b xxu||||| |||| 00| 0 eng d
100 |a Mullik, B. R. 
245 |a Bernard Shaw /  |c B. R. Mullik 
260 |b S.Chand & Co.,  |c 1969. 
300 |a 100 p. 
490 |a v13 
942 |c BK 
999 |c 19964  |d 19964 
952 |0 1  |1 0  |4 0  |7 0  |9 19963  |a UL  |b UL  |c ST1  |d 1998-09-01  |l 0  |p 29856  |r 2012-10-27  |w 2012-10-27  |y BK